书目信息 |
| 题名: |
建筑施工现场临时用电
|
|
| 作者: | 成军 主编 | |
| 分册: | ||
| 出版信息: | 北京 中国建筑工业出版社 2005.10 |
|
| 页数: | 242页 | |
| 开本: | 21cm | |
| 丛书名: | ||
| 单 册: | ||
| 中图分类: | TU731.3 | |
| 科图分类: | ||
| 主题词: | 建筑工程--jian zhu gong cheng--工程施工--用电管理 | |
| 电子资源: | ||
| ISBN: | 7-112-07797-4 | |
| 000 | 00814nam0 2200241 450 | |
| 001 | 012007313232 | |
| 005 | 20070920152101.54 | |
| 010 | @a7-112-07797-4@dCNY16.00 | |
| 100 | @a20070818d2005 km y0chiy0120 ea | |
| 101 | 0 | @achi |
| 102 | @aCN@b110000 | |
| 105 | @aak a 000yy | |
| 200 | 1 | @a建筑施工现场临时用电@Ajian zhu shi gong xian chang lin shi yong dian@f成军主编@Fcheng jun zhu bian |
| 205 | @a第2版 | |
| 210 | @a北京@c中国建筑工业出版社@d2005.10 | |
| 215 | @a242页@c图@d21cm | |
| 320 | @a有书目 (第242页)。 | |
| 330 | @a本书介绍了建筑施工现场临时用电的电气安全、施工与验收、现场管理、常见通病与防治及常用的仪器仪表等内容。 | |
| 606 | 0 | @a建筑工程@Ajian zhu gong cheng@x工程施工@x用电管理 |
| 690 | @aTU731.3@v4 | |
| 701 | 0 | @a成军@Acheng jun@4主编 |
| 801 | 0 | @aCN@c20070920 |
| 905 | @dTU731.3@eC718 | |
| 建筑施工现场临时用电/成军主编.-第2版.-北京:中国建筑工业出版社,2005.10 |
| 242页:图;21cm |
| ISBN 7-112-07797-4:CNY16.00 |
| 本书介绍了建筑施工现场临时用电的电气安全、施工与验收、现场管理、常见通病与防治及常用的仪器仪表等内容。 |
| ● |
| 相关链接 |
|
|
|
正题名:建筑施工现场临时用电
索取号:TU731.3/C718
 
预约/预借
| 序号 | 登录号 | 条形码 | 馆藏地/架位号 | 状态 | 备注 |
| 1 | 260898 | 202608981 | 建筑库201/201建筑库 107排4列3层/ [索取号:TU731.3/C718] | 在馆 | |
| 2 | 260899 | 202608990 | 建筑库201/201建筑库 107排4列3层/ [索取号:TU731.3/C718] | 在馆 | |
| 3 | 260900 | 202609007 | 建筑库201/201建筑库 107排4列3层/ [索取号:TU731.3/C718] | 在馆 |